Foreign-Born Population: Florida Quiz Stats

Quiz Updated Dec 16, 2017

Challenge
Share
Tweet
Embed
Score 0/20 Timer 04:00
4 Plays Today
Population Country % Correct
268,805Mexico
97.9%
841,428Cuba
96.4%
67,751Brazil
89.9%
106,625Canada
87.7%
78,098United Kingdom
84.9%
280,139Haiti
81.2%
48,536China
80.7%
105,229Dominican Republic
78.9%
233,366Colombia
77%
198,508Jamaica
74.4%
Population Country % Correct
56,233Germany
72.9%
92,976Venezuela
72%
86,548Peru
70.7%
65,748India
67.2%
84,259Honduras
66.8%
67,360Guatemala
65%
103,649Nicaragua
61.3%
45,294Ecuador
58.9%
48,468Vietnam
41.9%
71,934Philippines
39.2%

You're not logged in!

Compare scores with friends on all Sporcle quizzes.
Sign Up with Email
OR
Log In

You Might Also Like...

Show Comments

Extras

Top Quizzes Today


Score Distribution

Your Account Isn't Verified!

In order to create a playlist on Sporcle, you need to verify the email address you used during registration. Go to your Sporcle Settings to finish the process.